000 00784nam a2200265 a 4500
003 AR-BaBNM
005 20251128210610.0
008 082120s2002 ||||||||||||||000 | spa||
020 _a959-04-0005-1
040 _cAR-BaBNM
100 1 _aSilva, Deonísio da
245 0 0 _a¡Adelante, soldados
_batrás!
260 _aLa Habana
_bCasa de las Américas
_c1992
300 _a190 p.
490 0 _aPremio Casa de las Américas 1992
500 _aLa presente obra obtuvo el premio Casa de las Américas 1992 en la categoría novela
650 4 _aLITERATURA CONTEMPORANEA
653 _aLITERATURA BRASILEÑA
653 _aNOVELA HISTORICA
653 _aCOSTUMBRISMO
655 _aLITERATURA
700 1 _aFlores Pedroso, Sergio
_etraductor
942 _cBK
998 _cMARTIN
999 _c16116
_d16116